000 00814nam a2200241Ia 4500
001 8492
003 GE_BSU
008 181216s||||||||xx |||||||||||||| ||und||
040 _cGE_BSU
080 _a821.353.1-193.3
100 _aზოიძე,ზურაბ
245 _aმზე მოთმინების.
245 _bლექსები;სონეტები.
245 _cრედ:ტარიელ ქათამაძე;მხატვ:ლევან სამსონიძე.
260 _aთბილისი.
260 _bგლობალ-პრინტი.
260 _c1998.
300 _a64გვ;20სმ.
541 _h4ლ.
653 _aლექსები;სონეტები.
653 _aმზე მოთმინების.
942 _cBK
999 _c41809
_d41809